00515nam a22001817a 450000500170000001000150001702000260003203500140005803700130007208200110008510000190009624500730011526000420018827000340023030000320026449000270029650500100032320170616144651.0 aENG-118725 a9788192060819c290.00 aEN-102257 bDBAD/PUB a657.48 aK.S.R.K Prasad a A financial accounting /cby K.S.K.R. Prasad & A. Uttama Durga Devi aGunturbJai Bharath Publishers c2013 a2/18 Brodiepet, Guntur-522002 aVarious Pagingsc27cm.(pbk) aJBP Competitive Series aVol-3